00963cam a2200241 a 450000100100000000500170001000800410002702000150006804000250008308200150010824501230012326000570024630000300030350000380033370000490037170000420042070000390046270000440050170000370054504900090058295201130059199900170070400002538320200930023741.0901219s2003 mx a 000 | spa d a9688346020 aDO-SdBNPbspacBNPHU axxxbP712e10aPlaneación estratégica aplicada a unidades académica universitarias /cArturo Guillaumín Tostado ... [et al.]. aMéxico , D. F. :bUniversidad Veracruzana ,c2003. a131 p. ; :bil. ;c21 cm. aIncluye notas al pie de páginas1 aGuillaumín Tostado, Arturoepról.9519681 aCanal Martínez, Margarita E.9519691 aOchoa Contreras, Octavio A.9519701 aPineda López , Ma. del Rosario9519711 aBerlín Schaller, Thomas951972 aBNGR 001050718MOaGRbGRcCTd2011-02-15iLF1l0oxxx P712ep25383-10r2020-06-25w2020-06-25y1ZNo se presta c24875d24875